Quizz sur la Littérature. Niveau FACILE - Statistiques

Statistiques générales
  • Ce quiz a été pris 567 fois
  • Le résultat moyen est 4 sur 10
Statistiques - réponses
Question Réponse % Correct
Qui a écrit "Roméo et Juliette" ? William Shakespeare
95%
Qui est l'auteur de "Harry Potter" ? J.K. Rowling
85%
Quel est le titre du célèbre livre de Lewis Carroll avec un personnage qui tombe dans un terrier ? Alice au pays des merveilles
73%
Quel roman classique parle de l'immortel Dracula ? "Dracula" de Bram Stoker
49%
Quel écrivain est célèbre pour ses contes de fées, comme "Cendrillon" ? Charles Perrault
48%
Qui a écrit "Le Seigneur des Anneaux" ? J.R.R. Tolkien
40%
Quel auteur est connu pour ses romans sur la vie en Angleterre, comme "Emma" et "Persuasion" ? Jane Austen
34%
Dans "Le Petit Prince", quel personnage est introduit comme un aviateur ? Le narrateur
14%
Dans quel livre trouve-t-on un personnage nommé "Huckleberry Finn" ? "Les Aventures de Huckleberry Finn" de Mark Twain
6%
Quel roman parle d'un garçon qui vit des aventures sur une grande ligne de train ? "Le Petit Nicolas" de René Gigi
0%
Aucun quiz correspondant
Distribution des résultats
% des personnes avec chaque résultat
Percentile par nombre de réponses
Votre historique - résultats
Vous n’avez pas pris ce quiz